00640nam a2200181 a 4500040000800000082002600008245011800034246004600152260007800198300003400276500001600310500004300326500001600369650001600385650001600401710001400417710002700431 cGZM a549 MIN 2006 A084 Co.00aMaster plan for national agricultural research :bprogram support unit of agricultural sector development program1 aKingdom of Cambodia. Nation Religion King a[Pnom Penh] :bMinistry of Agriculture, Forestry and Fishereries,c[2006} axiii, 201 p. :bill. ;c30 cm aCover title a"Supported by Asian Development Bank." a"May 2006." 0aAgriculture 0aAgriculture1 aCambodia.2 aAsian Development Bank